UBT Library

The psychology and teaching of reading, (Record no. 42934)

000 -LEADER
fixed length control field 00552cam a22002171 4500
001 - CONTROL NUMBER
control field 7813932
005 - DATE AND TIME OF LATEST TRANSACTION
control field 20180220082733.0
008 - FIXED-LENGTH DATA ELEMENTS--GENERAL INFORMATION
fixed length control field 760505s1931 xx 000 0 eng
010 ## - LIBRARY OF CONGRESS CONTROL NUMBER
LC control number 31019661
035 ## - SYSTEM CONTROL NUMBER
System control number (OCoLC)2157612
040 ## - CATALOGING SOURCE
Original cataloging agency DLC
Transcribing agency OTU
Modifying agency OCoLC
-- DLC
041 ## - LANGUAGE CODE
Language code of text/sound track or separate title eng
042 ## - AUTHENTICATION CODE
Authentication code premarc
080 ## - UNIVERSAL DECIMAL CLASSIFICATION NUMBER
Universal Decimal Classification number 372.4 DOL
082 ## - DEWEY DECIMAL CLASSIFICATION NUMBER
Classification number 372.4 DOL
100 1# - Rafti
Rafti 49
101 ## - Shkurtesa
Shkurtesa PSI
245 14 - TITLE STATEMENT
Title The psychology and teaching of reading,
Statement of responsibility, etc by Edward William Dolch.
906 ## - LOCAL DATA ELEMENT F, LDF (RLIN)
a 7
b cbc
c oclcrpl
d u
e ncip
f 19
g y-gencatlg
942 ## - ADDED ENTRY ELEMENTS (KOHA)
Source of classification or shelving scheme
Item type Books
Holdings
Withdrawn status Lost status Source of classification or shelving scheme Damaged status Not for loan Collection code Permanent location Current location Shelving location Date acquired Total Checkouts Full call number Barcode Date last seen Price effective from Koha item type
          Koleksioni i përgjithshem UBT - Lipjan UBT - Lipjan Koleksioni i përgjithshem 02/20/2018   372.4 DOL 002-2998253 02/20/2018 02/20/2018 Books
UBT Library © 2015-2024. All rights reserved University Education for Business and Technology